CIDESCO : 50 años aportando al desarrollo de la educación superior en Colombia (1974-2024) /

Detalles Bibliográficos
Autor principal: Lezcano Yepes, Camilo Alberto (Autor)
Formato: Electrónico eBook
Lenguaje:español
Publicado: Cali, Valle del Cauca, Colombia : Universidad Autónoma de Occidente, [2024]
Edición:Primera edición.
Materias:
Acceso en línea:Digitalia Hispánica

MARC

LEADER 00000nam a2200000Ii 4500
001 DIGUAOCCTE0123
003 NyNyDIG
006 m o d
007 cr |||||||||||
008 250417s2024 ck a o 000 0 spa d
035 |a (OCoLC)1517262642 
040 |a DGITA  |b eng  |e rda  |e pn  |c DGITA 
020 |a 9789586191791  |q pdf 
020 |a 9789586191807  |q ePub 
020 |z 9789586191784  |q impreso 
043 |a s-ck--- 
050 1 4 |a LA454 ebook 
100 1 |a Lezcano Yepes, Camilo Alberto,  |e author. 
245 1 0 |a CIDESCO :  |b 50 años aportando al desarrollo de la educación superior en Colombia (1974-2024) /  |c Camilo Alberto Lezcano Yepes. 
250 |a Primera edición. 
264 1 |a Cali, Valle del Cauca, Colombia :  |b Universidad Autónoma de Occidente,  |c [2024] 
300 |a 1 online resource :  |b illustrations. 
336 |a text  |b txt  |2 rdacontent 
337 |a computer  |b c  |2 rdamedia 
338 |a online resource  |b cr  |2 rdacarrier 
347 |a text file  |2 rdaft 
347 |b PDF 
588 0 |a Online resource; title from PDF title page (Digitalia, viewed April 17, 2025) 
650 0 |a Education, Higher  |z Colombia. 
776 0 8 |i Print version:  |a Lezcano Yepes, Camilo Alberto.  |t CIDESCO.  |b Primera edición.  |d Cali, Valle del Cauca, Colombia : Universidad Autónoma de Occidente, [2024]  |z 9789586191784 
791 2 |a Digitalia (Firm),  |e distributor. 
793 0 |g Digitalia eBook Collection:  |a Universidad Autónoma de Occidente 
856 4 0 |3 Digitalia Hispánica  |u https://www.digitaliapublishing.com/a/171312/ 
910 |a Premium collection: 2025